Die Evolution der Wahrnehmung des Kunden dizertačná práca

Guardado en:
Detalles Bibliográficos
Autor principal: Huber, Florian
Autor Corporativo: Ekonomická univerzita v Bratislave. Obchodná fakulta
Otros Autores: Lesáková, Dagmar, 1949-
Formato: Libro
Lenguaje:alemán
Publicado: Bratislava 2006
Materias:
Etiquetas: Agregar Etiqueta
Sin Etiquetas, Sea el primero en etiquetar este registro!

MARC

LEADER 00000nbm a2200000 4500
001 0178751
005 20221207101026.1
041 0 |a ger 
044 |a SK 
245 1 0 |a Die Evolution der Wahrnehmung des Kunden  |b dizertačná práca  |c Florian Huber ; školiteľ: Dagmar Lesáková 
264 1 |a Bratislava  |c 2006 
300 |a 204 s. 
610 2 0 |a zákazníci 
610 2 0 |a kultúra podniková 
610 2 0 |a riadenie ľudských zdrojov 
100 1 |a Huber, Florian 
700 1 |a Lesáková, Dagmar, 1949- 
710 2 |a Ekonomická univerzita v Bratislave. Obchodná fakulta